Detalles MARC
| 000 -LIDER |
| fixed length control field |
01092nam a2200385 c 4500 |
| 001 - NÚMERO DE CONTROL |
| Identificador de número de control |
8763 |
| 003 - IDENTIFICACDOR DE NÚMERO DE CONTROL |
| control field |
DO-SdBNP |
| 005 - DATE AND TIME OF LATEST TRANSACTION |
| control field |
20171108133543.0 |
| 007 - CAMPOS FIJOS DE DESCRIPCIÓN FÍSICA |
| fixed length control field |
8763 |
| 008 - ELEMENTOS DE LONGITUD FIJA |
| fixed length control field |
150331s2007 ms a | |||| 000 0 spa |
| 015 ## - NÚMERO DENTRO DE LA BIBLIOGRAFÍA NACIONAL |
| National bibliography number |
|
| 017 ## - NÚMERO DE REGISTRO DE DERECHOS DE AUTOR |
| Copyright or legal deposit number |
|
| Assigning agency |
|
| 020 ## - ISBN |
| International Standard Book Number |
9789707707344 |
| 035 ## - NÚMERO LOCAL |
| System control number |
|
| 040 ## - FUENTE DE CATALOGACIÓN |
| Agencia que crea de manera original el registro |
BPMSU |
| Idioma de catalogación |
spa |
| Agencia que realiza la transcripción |
BPMSU |
| Convenciones de la despripción |
|
| 080 ## - NÚMERO DE CLASIFICACIÓN DECIMAL UNIVERSAL |
| Universal Decimal Classification number |
|
| 082 #4 - NÚMERO DE CLASIFICACIÓN DECIMAL DE DEWEY |
| Classification number |
302 |
| Item number |
G543c |
| 100 1# - ASIENTO PRINCIPAL -- NOMBRE PERSONAL |
| Nombre personal |
Gladwell, Malcolm |
| Fechas asociadas con el nombre |
|
| Término de relación |
|
| 245 13 - MENCIÓN DE TITULO |
| Título |
La clave del éxito : |
| Subtítulo |
Cómo los pequeños cambios pueden provocar grandes efectos / |
| Mención de responsabilidad |
Malcolm Gladwell traducción Inés Belaustegui |
| 250 ## - MENCIÓN DE EDICION |
| Mención de edición |
|
| 260 ## - PUBLICACIÓN, DISTRIBUCIÓN, ETC. (PIE DE IMPRENTA) |
| Lugar de publicación, distribución, etc |
México : |
| Nombre del editor, distribuidor, etc. |
Taurus, |
| Fecha de publicación, distribución, etc |
2007 |
| 300 ## - DESCRIPCIÓN FÍSICA |
| Extensión |
329 p. : |
| Otros detalles físicos |
il. ; |
| Dimensiones |
22 cm |
| 336 ## - CONTENT TYPE |
| Content type term |
|
| Source |
|
| 337 ## - MEDIA TYPE |
| Media type term |
|
| Source |
|
| 490 1# - MENCIÓN DE SERIES |
| Mención de serie |
Pensamiento (Taurus) |
| 500 ## - NOTA GENERAL |
| Nota general |
Incluye índice |
| 650 #4 - ENCABEZAMIENTO DE MATERIA--TEMÁTICO |
| Término temático o nombre geográfico como elemento de entrada |
PSICOLOGÍA SOCIAL |
| 650 #4 - ENCABEZAMIENTO DE MATERIA--TEMÁTICO |
| Término temático o nombre geográfico como elemento de entrada |
CAUSALIDAD |
| 650 #4 - ENCABEZAMIENTO DE MATERIA--TEMÁTICO |
| Término temático o nombre geográfico como elemento de entrada |
EFECTOS DEL CONTEXTO (PSICOLOGÍA) |
| 700 ## - ASIENTO SECUNDARIO -- NOMBRE PERSONAL |
| Nombre personal |
Belaustegui, Inés |
| Mención de responsabilidad |
traductora |
| 830 #0 - ASIENTO SECUNDARIO DE SERIE--TÍTULO UNIFORME |
| Título uniforme |
Pensamiento (Taurus) |
| 942 ## - ADDED ENTRY ELEMENTS (KOHA) |
| Source of classification or shelving scheme |
Dewey Decimal Classification |
| Koha item type |
Libros |
| 945 ## - INFORMACIÓN DE PROCESAMIENTO LOCAL |
| Información de procesamiento local |
Inventariado extranjero / 2017 VM |
| 956 ## - LOCAL ELECTRONIC LOCATION AND ACCESS (OCLC) |
| Nombre de host |
VMATEO |
| Número de acceso |
10 |
| Información de compresión |
20160831 |
| Trayectoria |
BPMSU |
| Nombre Electrónico |
0069 |